000 01559nam0a22002651 4500
001 rc\4204387
005 20260408083109.0
021 _aRU
_b[46-20168]
035 _a(NLR Aleph) 008204826
090 _a8059210
_c8059210
100 _a20130415d1948 |||y0rusy50 ca
101 0 _arus
102 _aRU
105 _aa z |||||
200 1 _aИнструкция по приготовлению бетонных трехпустотных камней ТП (И-105-46)
_aНормаль
_eКамни бетонные трехпустотные ТП (НР-134-46)
_eУтв. 9/IX 1946 г.
_fРазраб. Центр. науч.-исслед. ин-тов промсооружений "ЦНИПС"
_gМ-во строительства предприятий тяжелой индустрии. Техн. упр.
210 _aМосква
_cСтройиздат
_d1948
_gТип. № 3 Упр. изд-в и полиграфии Исполкома Ленгорсовета
_gТип. "Псковск. правда"
215 _a39 с.
_cил.
_d19
606 _aБетонные камни, трехпустотные
_2psbo
710 0 1 _aСССР
_bМинистерство строительства предприятий тяжелой индустрии
_bТехническое управление
_3RU\NLR\AUTH\8810164838
_9825748
712 0 2 _aЦНИИ промышленных сооружений
_cМосква
_3RU\NLR\AUTH\8810014876
_9527633
801 0 _aRU
_bNLR
_gpsbo
801 1 _aRU
_bELAR
_2rusmarc
852 _aNLR
_jПт02 Г-4/202
942 _cBOOK
980 _aNB